00289 a2200121 4500001000700000020001800007040003500025100003200060240003000092245002500122300001100147362000900158156852 a9788596004329 cEscola São Tomás de Aquino aSAINT-EXUPÈRY, Antoine de10aO pequeno príncipelpor10aO pequeno príncipe a132 p.0 a2016